000 00721nam a2200205Ii 4500
003 JO-AjNU
008 230605s9999||||xx |||||||||||||| ||und||
017 _a1970/2142
040 _aJO-AjNU
_bara
_erda
_cJO-AjNU
041 _aara
050 1 4 _aBF721.F2.1970
100 3 _aفالنتين.س.و ، بركات،محمد خليفة ، أسعد،يوسف ميخائيل/ترجمة,
_eauthor
_910558
245 0 0 _aالطفل الطبيعي = The Normal Child
264 3 1 _aالقاهرة:مكتبة الانجلو المصرية ،1970
300 _a358ص
336 _atext
_btxt
_2rdacontent
337 _aunmediated
_bn
_2rdamedia
338 _avolume
_bnc
_2rdacarrier
650 4 _aعلم نفس الطفولة
_910559
999 _aA1866
_c5434
_d5434